|
|
|
|
| LEADER |
01474nab#a2200313#ar4500 |
| 001 |
000073301 |
| 003 |
SVKKK |
| 005 |
20040107xxxxxxx. |
| 008 |
06 c xo huno |
| FMT |
|
|
|
| 038 |
|
|
|a SVKKK
|
| 040 |
|
|
|a SVKKK
|b slo
|e AACR2
|
| 041 |
0 |
|
|a hun
|
| 044 |
|
|
|a xo
|c SK
|
| 080 |
|
|
|a 281.94
|
| 242 |
1 |
0 |
|a Zhromaždenie vo veľkom kláštore
|
| 245 |
0 |
0 |
|a Gyűlés Nagymonostoron
|
| 500 |
|
|
|a mikrofilm
|
| 520 |
2 |
|
|a Referát zo zhromaždenia rádu provincie baziliánov vo "veľkom kláštore" (Nagymonostor) v povodí rieky Laborec [pravdepodobne sa jednalo o kláštor baziliánov v Krásnom Brode] v júni roku 1909. Zišli sa po 40 rokoch na voľbu provinciála - odstupujúcim provinciálom (tartományi főnök) bol Joachim Huma. Po slávnostnej omši, ktorú celebroval opát Bazil Szegedy menovaný uzavrel kláštor a duchovenstvo sa odobralo k voľbe "provinciála". Opätovne bol zvolený Joachim Huma. Po slávnostnom obede sa celá spoločnosť odfotila a členovia rádu mali ďalšie zasadanie - ostatní cirkevní hodnostári odcestovali domov.
|
| 650 |
0 |
4 |
|a rád baziliánov - zhromaždenie provincie - [Krásny Brod] - voľba provinciála - Huma, Joachim (provinciál) - znovuzvolenie - jún 1909 - referáty
|
| 773 |
0 |
|
|t Felvidéki Hirlap
|g Roč. 2, č. 26 (27.06.1909) s. 2
|
| 957 |
|
|
|a Krásny Brod]
|
| 958 |
|
|
|a CI
|
| 958 |
|
|
|a DG
|
| 958 |
|
|
|a SK
|
| 974 |
|
|
|a Ba
|d 20040107
|
| 992 |
|
|
|a RBX
|
| BAS |
|
|
|
| 998 |
|
|
|a RETRO
|